La fin de l'empire romain d'occident : rome et les wisigoths de 382 à 531 /

Guardado en:
Autor Principal: Delaplace, Christine
Otros Autores: Wood, Ian, préf.
Formato: Libro
Publicado: Rennes : Presses Universitaires de Rennes, 2015
Materias:
Etiquetas: Agregar Etiqueta
Sin Etiquetas, Sea el primero en etiquetar este registro!
LEADER 00653nam a22001935a 4500
001 EHU.bham044225
003 AR-BHAM
005 20160909140744.0
008 130507s2015##################000#0#####d
020 |a 9782753542952 
082 9 3 |a 937 
100 1 |a Delaplace, Christine 
245 1 0 |a La fin de l'empire romain d'occident :  |b rome et les wisigoths de 382 à 531 /  |c  Christine Delaplace : 
260 |a Rennes :  |b Presses Universitaires de Rennes,  |c 2015 
300 |a 373 p. 
653 |a Roma-historia de 
653 |a Imperio romano de occidente-historia del 
700 1 |a Wood, Ian, préf. 
859 |a AR-BHAM  |b BIB. HUMANIDADES - General  |h 937  |i D374  |p 588.16  |t Ej.1